| 000 | 00614nam a22001457a 4500 | ||
|---|---|---|---|
| 008 | 240709b |||||||| |||| 00| 0 eng d | ||
| 040 |
_aDE-2950 _cDE-2950 |
||
| 245 |
_aEntwürfe zur Umnutzung der Friedenskirche in Frankfurt / Oder durch das Oecumenische EuropaCentrum / _cerarbeitet von Andrea Bergner, Annette Karwath, Claudia Urban u.a. |
||
| 246 | _aKirche als Centrum | ||
| 260 |
_aFrankfurt (Oder) _b[BTU Cottbus, Lehrstuhl Entwerfen - Bauen im Bestand. Prof. Inken Baller, Dipl.-Ing. Uwe Wittig] _c[1997] |
||
| 300 | _a62 Seiten | ||
| 653 | _aFriedenskirche | ||
| 653 | _aFrankfurt (Oder) | ||
| 942 |
_2z _cB |
||
| 999 |
_c373230 _d373230 |
||